000 00806nam a2200253 i 4500
001 142594
003 ES-MaACL
005 20250819063103.0
007 t|
008 071009s1981 sp ||||1| spa d
080 _a946
100 1 _aVilar, Pierre,
_d1906-2003
_9114800
245 1 0 _aHistoria de españa /
_cPierre Vilar ; [traducción Manuel Tuñón de Lara y Jesús Suso Soria].
250 _a14ª ed.
260 _aBarcelona :
_bGrijalbo,
_c[1981]
300 _a180 p. ;
_c20 cm.
490 1 _aTemas hispánicos ;
_v25
651 4 _aEspaña-
_xHistoria.
_98209
700 0 _aTuñón de Lara, Manuel,
_d1915-1997
_9111681
700 1 _aSuso Soria, Jesús.
_9108860
830 0 _aTemas hispánicos ;
_v25
_9177821
852 _aES-MaACL
_jL-2050
_bR.102648
999 _c142594
_d142594